000 00614nam a2200229Ia 4500
003 OSt
005 20220918205206.0
006 a|||||r|||| 00| 0
007 ta
008 220917b |||||||| |||| 00| 0 eng d
024 _a115,654
037 _cTextual
040 _aARTS
_cARTS
_beng
041 _2eng
_aeng
082 _aV6137:91:N62, K4
100 _aMulford David C
_9114370
245 0 _aNorthern Rhodesia general election, 1962
260 _aNairobi
_bOxford
_c1964
650 _aHISTORY
942 _hV6137:91:N62, K4
_cTEXL
_2CC
999 _c238983
_d238983